Welcome to CU Library Online Public Access Catalogue (OPAC)

Accounting Principles (Record no. 4555)

MARC details
000 -LEADER
fixed length control field 00576nam a22001937a 4500
005 - DATE AND TIME OF LATEST TRANSACTION
control field 20250307175636.0
008 - FIXED-LENGTH DATA ELEMENTS--GENERAL INFORMATION
fixed length control field 250307b |||||||| |||| 00| 0 eng d
020 ## - INTERNATIONAL STANDARD BOOK NUMBER
International Standard Book Number 9798185386088
050 ## - LIBRARY OF CONGRESS CALL NUMBER
Classification number HF5635
Item number .A7 ANT
100 ## - MAIN ENTRY--PERSONAL NAME
Personal name Anthony Robert N.
245 ## - TITLE STATEMENT
Title Accounting Principles
Statement of responsibility, etc. Robert N. Anthony & James S. Reece
250 ## - EDITION STATEMENT
Edition statement 6th Ed.
260 ## - PUBLICATION, DISTRIBUTION, ETC.
Place of publication, distribution, etc. New Delhi
Name of publisher, distributor, etc. A.I.T.B.S Publishers and Distributors (Regd.)
Date of publication, distribution, etc. 2005
300 ## - PHYSICAL DESCRIPTION
Extent xvii. 678p.
Other physical details ill.
Dimensions 18 cm
500 ## - GENERAL NOTE
General note Includes Index
650 ## - SUBJECT ADDED ENTRY--TOPICAL TERM
Source of heading or term Accounting
700 ## - ADDED ENTRY--PERSONAL NAME
Personal name Reece James S.
942 ## - ADDED ENTRY ELEMENTS (KOHA)
Source of classification or shelving scheme Library of Congress Classification
Koha item type Books
Edition 6th Ed.
Suppress in OPAC No
999 ## -
-- 4555
-- 4555
Holdings
Withdrawn status Lost status Source of classification or shelving scheme Damaged status Not for loan Collection Home library Current library Shelving location Date acquired Total checkouts Full call number Barcode Date last seen Copy number Price effective from Koha item type
    Library of Congress Classification     Non-fiction Business Library (Miotso) Business Library (Miotso) General stacks 03/07/2025   HF5635 .A7 ANT BSSM00001188 03/07/2025 1 03/07/2025 Books
© 2023-2024 Copyright: Central University Libraries. All Rights Reserved | Created by: Mahone Tech Office